[Event "18th North Sea Cup"]
[Site "Esbjerg DEN"]
[Date "2003.07.07"]
[Round "4"]
[White "Hansen,Cu"]
[Black "Koneru,H"]
[Result "1-0"]
[WhiteElo "2618"]
[BlackElo "2468"]
[EventDate "2003.07.04"]

1. Nf3 d5 2. d4 Nf6 3. c4 e6 4. Nc3 Nbd7 5. Bf4 dxc4 6. e3 Nd5 7. Bxc4 Nxf4
8. exf4 Nb6 9. Bb3 Be7 10. O-O O-O 11. Re1 c6 12. Qe2 Nd5 13. Nxd5 cxd5 14.
Rad1 Bf6 15. Ne5 Bd7 16. g3 Bxe5 17. dxe5 Bc6 18. Rd4 f5 19. exf6 Rxf6 20.
Qd2 Qd6 21. Re5 Raf8 22. h4 Bd7 23. Bxd5 exd5 24. Rdxd5 Qa6 25. Rxd7 Qxa2
26. Rxb7 Qb1+ 27. Kg2 Rb6 28. Qd5+ Kh8 29. Qf7 1-0

[Event "18th North Sea Cup"]
[Site "Esbjerg DEN"]
[Date "2003.07.07"]
[Round "4"]
[White "Schandorff,L"]
[Black "Nielsen,PH"]
[Result "1/2-1/2"]
[WhiteElo "2525"]
[BlackElo "2636"]
[EventDate "2003.07.04"]

1. d4 Nf6 2. Nf3 d5 3. c4 e6 4. Nc3 dxc4 5. e4 Bb4 6. Bg5 c5 7. Bxc4 cxd4
8. Nxd4 Bxc3+ 9. bxc3 Qa5 10. Bb5+ Bd7 11. Bxf6 gxf6 12. Qb3 O-O 13. O-O
Bxb5 14. Nxb5 Nc6 15. c4 Rad8 16. c5 Nd4 17. Nxd4 Rxd4 18. Qg3+ Kh8 19. Qf4
Qxc5 20. Qxf6+ Kg8 21. Rac1 Rc4 22. Rce1 Rc8 23. Re3 Rc1 24. Ree1 Rxe1 25.
Rxe1 Qc1 26. Rf1 Qd2 1/2-1/2

[Event "18th North Sea Cup"]
[Site "Esbjerg DEN"]
[Date "2003.07.08"]
[Round "5"]
[White "Nielsen,PH"]
[Black "Hansen,Cu"]
[Result "1/2-1/2"]
[WhiteElo "2636"]
[BlackElo "2618"]
[EventDate "2003.07.04"]

1. d4 Nf6 2. c4 e6 3. Nf3 b6 4. g3 Ba6 5. Qa4 Bb7 6. Bg2 c5 7. dxc5 Bxc5 8.
O-O O-O 9. Nc3 Be7 10. Rd1 d6 11. Bf4 a6 12. Rac1 Qc7 13. Qb4 Ne8 14. Bg5
Bxg5 15. Nxg5 Bxg2 16. Kxg2 Nd7 17. Rd2 Nc5 18. Rcd1 Rd8 19. Qa3 h6 20. Nf3
Nf6 1/2-1/2

[Event "18th North Sea Cup"]
[Site "Esbjerg DEN"]
[Date "2003.07.08"]
[Round "5"]
[White "Koneru,H"]
[Black "Krasenkow,M"]
[Result "0-1"]
[WhiteElo "2468"]
[BlackElo "2585"]
[EventDate "2003.07.04"]

1. Nf3 d6 2. d4 g6 3. g3 Bg7 4. Bg2 Nf6 5. O-O c6 6. Re1 Bf5 7. Nc3 d5 8.
Nh4 Be6 9. Nf3 O-O 10. Bf4 Nbd7 11. Qd2 Qb6 12. a4 a5 13. Ne5 Nh5 14. Nxd7
Bxd7 15. Be3 f5 16. Bf3 Nf6 17. h3 Ne8 18. Bg2 Nd6 19. Qd3 f4 20. Bxf4 Bxd4
21. e3 Bg7 22. Ra3 e5 23. Bg5 e4 24. Qd1 Rf7 25. Rb3 Qc5 26. Ne2 b5 27. Nd4
b4 28. c3 Nc4 29. Bf4 Qe7 30. g4 c5 31. Nb5 Bxb5 32. axb5 Nb6 33. cxb4 axb4
34. Qd2 Ra4 0-1

[Event "18th North Sea Cup"]
[Site "Esbjerg DEN"]
[Date "2003.07.11"]
[Round "8"]
[White "Schandorff,L"]
[Black "Koneru,H"]
[Result "1/2-1/2"]
[WhiteElo "2525"]
[BlackElo "2468"]
[EventDate "2003.07.04"]

1. Nf3 Nf6 2. c4 e6 3. Nc3 d5 4. d4 Nbd7 5. Bf4 dxc4 6. e3 Nb6 7. Bxc4 Nxc4
8. Qa4+ Bd7 9. Qxc4 Bd6 10. O-O Bc6 11. Ne5 Bxe5 12. Bxe5 O-O 13. Rac1 a6
14. Rfd1 Nd5 15. Nxd5 exd5 16. Qe2 f6 17. Bg3 Re8 18. Rc3 Re7 19. Rdc1 Qe8
20. b3 Qd7 21. a4 Qe8 22. h3 h6 23. Rc5 Kh8 24. R1c3 Qg6 25. Qd1 Qe8 26.
Qc2 Rc8 27. Qf5 Rd8 28. Qc2 Rc8 29. Qb1 Ra8 30. Kh2 Rc8 31. Qc2 Qd7 32. Qd3
Re6 33. Rc1 Qe8 34. Qf5 Re7 35. Qb1 Ra8 36. Qd3 Kg8 37. Qc2 Kh8 38. Ra1 Rc8
39. Kg1 Ra8 40. Kh2 Rc8 41. b4 Ra8 42. Ra2 Ra7 43. Ra3 Ra8 44. Qb3 Rf7 45.
Qa2 Kg8 46. Rcc3 Rc8 47. Kg1 Kh8 48. Rc5 b6 49. Rc1 Bb7 50. Rac3 c6 51. b5
Rf8 52. Qa3 cxb5 53. Rxc8 Bxc8 54. axb5 axb5 55. Bd6 Rg8 56. Rc7 Bf5 57.
Kh2 Qg6 58. Rb7 1/2-1/2

[Event "18th North Sea Cup"]
[Site "Esbjerg DEN"]
[Date "2003.07.12"]
[Round "9"]
[White "McShane,L"]
[Black "Dreev,A"]
[Result "1/2-1/2"]
[WhiteElo "2619"]
[BlackElo "2698"]
[EventDate "2003.07.04"]

1. e4 c6 2. d4 d5 3. f3 e6 4. Nc3 Bb4 5. Bf4 Nf6 6. Qd3 b6 7. Nge2 Ba6 8.
Qe3 O-O 9. O-O-O Be7 10. g4 c5 11. exd5 Nxd5 12. Nxd5 1/2-1/2

[Event "18th North Sea Cup"]
[Site "Esbjerg DEN"]
[Date "2003.07.12"]
[Round "9"]
[White "Koneru,H"]
[Black "Nielsen,PH"]
[Result "1/2-1/2"]
[WhiteElo "2468"]
[BlackElo "2636"]
[EventDate "2003.07.04"]

1. d4 Nf6 2. Nf3 d5 3. c4 e6 4. cxd5 exd5 5. Nc3 c6 6. Qc2 g6 7. Bg5 Be7 8.
e3 Bf5 9. Bd3 Bxd3 10. Qxd3 Nbd7 11. O-O O-O 12. Rab1 a5 13. Qc2 Re8 14.
Rfc1 Nb6 15. Ne5 Nfd7 16. Bxe7 Qxe7 17. Nxd7 Qxd7 18. Na4 Nc4 19. Qd1 Qe7
20. b3 Nd6 21. Nc5 h5 22. Qf3 Kg7 23. h3 Rad8 24. a4 b6 25. Nd3 Ne4 26. Rb2
c5 27. Rbc2 Ng5 1/2-1/2

[Event "18th North Sea Cup"]
[Site "Esbjerg DEN"]
[Date "2003.07.12"]
[Round "9"]
[White "Krasenkow,M"]
[Black "Schandorff,L"]
[Result "1/2-1/2"]
[WhiteElo "2585"]
[BlackElo "2525"]
[EventDate "2003.07.04"]

1. d4 Nf6 2. c4 e6 3. Nf3 b6 4. Nc3 Bb7 5. a3 d5 6. cxd5 Nxd5 7. Qc2 Nxc3
8. bxc3 c5 9. e4 Nd7 10. Bf4 Be7 11. d5 exd5 12. exd5 O-O 13. Rd1 g5 14.
Bg3 f5 15. Bd3 g4 16. Ng1 f4 17. Bxh7+ Kh8 18. Bf5 Bg5 19. h3 Qe7+ 20. Kf1
Rxf5 21. hxg4+ Kg8 22. gxf5 fxg3 23. Nf3 Ba6+ 24. c4 gxf2 25. d6 Qe3 26.
Rh3 Bf6 27. Qxf2 Bxc4+ 28. Kg1 Re8 29. g4 Bd4 30. Qxe3 Rxe3 31. Kh2 Be2 32.
Re1 Bc3 33. Nd2 Rxh3+ 34. Kxh3 Bb5 35. Rb1 Bc6 36. Nc4 b5 37. Rc1 Bf6 38.
Na5 Be4 39. Re1 Bd3 40. Re8+ Kf7 41. Ra8 Be4 42. Rxa7 Ke8 43. Nb7 c4 44.
Ra8+ Kf7 45. Nd8+ Ke8 46. Nc6+ Kf7 47. Nd8+ Ke8 48. Nc6+ 1/2-1/2